Statistiques concernant Pays vainqueurs de la Coupe des confédérations (football)

Cliquez ici pour prendre le quiz!

Statistiques générales

  • Ce quiz a été pris 189 fois
  • Le résultat moyen est 8 sur 9

Statistiques - réponses

HintRéponse% Correct
2005Brésil
100%
1997Brésil
100%
2009Brésil
100%
2013Brésil
100%
2001France
99%
2003France
99%
1992Argentine
90%
1999Mexique
52%
1995Danemark
43%

Distribution des résultats

Percentile par nombre de réponses

% des personnes avec chaque résultat

Votre développement - résultats

Vous n’avez pas pris ce quiz